The real cost of construction disputes (Record no. 113568)

MARC details
000 -LEADER
fixed length control field 00974cad a22002175a 4500
001 - CONTROL NUMBER
control field L155430
008 - FIXED-LENGTH DATA ELEMENTS--GENERAL INFORMATION
fixed length control field 120321s2012 xxkqr p 0 a0eng u
035 ## - SYSTEM CONTROL NUMBER
System control number (Sirsi) u155430
041 0# - LANGUAGE CODE
Language code of text/sound track or separate title eng
100 1# - MAIN ENTRY--PERSONAL NAME
Personal name O' Higgins, Niav
110 2# - MAIN ENTRY--CORPORATE NAME
Corporate name or jurisdiction name as entry element Arthur Cox
245 04 - TITLE STATEMENT
Title The real cost of construction disputes
Medium [electronic resource]
260 ## - PUBLICATION, DISTRIBUTION, ETC.
Place of publication, distribution, etc. Dublin
Name of publisher, distributor, etc. Arthur Cox
Date of publication, distribution, etc. 2012
520 ## - SUMMARY, ETC.
Summary, etc. This note aims to highlight some ways in which parties to construction and engineering contracts can reduce their potential costs' exposure in circumstances where a dispute has arisen and dispute resolution proceedings are inevitable or unavoidable.
590 ## - LOCAL NOTE (RLIN)
Local note KA NTK
651 #4 - SUBJECT ADDED ENTRY--GEOGRAPHIC NAME
Geographic name Ireland
690 ## - LOCAL SUBJECT ADDED ENTRY--TOPICAL TERM (OCLC, RLIN)
Topical term or geographic name as entry element Dispute resolution
9 (RLIN) 6236
700 1# - ADDED ENTRY--PERSONAL NAME
Personal name Killoran, Karen
856 40 - ELECTRONIC LOCATION AND ACCESS
Uniform Resource Identifier <a href="https://www.mondaq.com/x/168404/Commercial/The+Real+Cost+of+Construction+Disputes+March&email_access=on">https://www.mondaq.com/x/168404/Commercial/The+Real+Cost+of+Construction+Disputes+March&email_access=on</a>
Public note View the article free of charge by registering for Mondaq News Alerts at www.mondaq.com
942 ## - ADDED ENTRY ELEMENTS (KOHA)
Suppress in OPAC 0
Holdings
Withdrawn status Lost status Source of classification or shelving scheme Damaged status Not for loan Home library Current library Shelving location Date acquired Total Checkouts Full call number Barcode Date last seen Copy number Price effective from Koha item type
    Dewey Decimal Classification     Virtual Virtual Online 21/03/2012   ONLINE PUBLICATION 155430-2001 06/08/2019 1 06/08/2019 Book